Construction materials (Record no. 3506)

000 -LEADER
fixed length control field 00497nam a22002057a 4500
001 - CONTROL NUMBER
control field 3506
003 - CONTROL NUMBER IDENTIFIER
control field BD-DhUET
008 - FIXED-LENGTH DATA ELEMENTS--GENERAL INFORMATION
fixed length control field 0
020 ## - INTERNATIONAL STANDARD BOOK NUMBER
International Standard Book Number 0419154701
040 ## - CATALOGING SOURCE
Transcribing agency 0
Modifying agency BD-DhUET
082 ## - DEWEY DECIMAL CLASSIFICATION NUMBER
Classification number 620.136
Item number ILL/1994
100 ## - MAIN ENTRY--PERSONAL NAME
Personal name Illston, J. M.
245 ## - TITLE STATEMENT
Title Construction materials
Remainder of title their nature and behavior
250 ## - EDITION STATEMENT
Edition statement 1st ed.
260 ## - PUBLICATION, DISTRIBUTION, ETC. (IMPRINT)
Place of publication, distribution, etc. London
Name of publisher, distributor, etc. E & FN Spon
Date of publication, distribution, etc. 1994
300 ## - PHYSICAL DESCRIPTION
Extent xxiii, 517 p.
Other physical details ill.
Dimensions 20 cm.
504 ## - BIBLIOGRAPHY, ETC. NOTE
Bibliography, etc Includes bibliographies
650 #0 - SUBJECT ADDED ENTRY--TOPICAL TERM
Topical term or geographic name as entry element Concrete-Engineering
942 ## - ADDED ENTRY ELEMENTS (KOHA)
Koha item type General Book
Holdings
Koha item type Koha issues (times borrowed) Lost status Copy number Koha date last borrowed Location (home branch) Withdrawn status Koha normalized classification for sorting Koha renewals Price effective from Damaged status Shelving location Sublocation or collection (holding branch) Koha full call number Piece designation (barcode) Not for loan Source of classification or shelving scheme Koha date last seen Date acquired
General Book1 12015-03-04Central Library, BUET 620_136000000000000_ILL_1994 2014-11-01 Circulation sectionCentral Library, BUET620.136/ILL/199492490  2021-06-302014-11-01
General Book  2 Central Library, BUET 620_136000000000000_ILL_1994 2014-11-01 Circulation sectionCentral Library, BUET620.136/ILL/199492503  2014-11-012014-11-01
General Book1 32021-08-28Central Library, BUET 620_136000000000000_ILL_1994 2014-11-01 Circulation sectionCentral Library, BUET620.136/ILL/199492499  2021-08-282014-11-01
General Book  4 Central Library, BUET 620_136000000000000_ILL_199422014-11-01 Circulation sectionCentral Library, BUET620.136/ILL/199492494  2016-03-122014-11-01
General Book  5 Central Library, BUET 620_136000000000000_ILL_1994 2014-11-01 Circulation sectionCentral Library, BUET620.136/ILL/199492501  2014-11-012014-11-01
General Book1 62024-09-07Central Library, BUET 620_136000000000000_ILL_1994 2014-11-01 Circulation sectionCentral Library, BUET620.136/ILL/199492486  2024-09-142014-11-01
Reading Item  7 Central Library, BUET 620_136000000000000_ILL_1994 2015-06-14 Reading sectionCentral Library, BUET620.136/ILL/199492484  2015-06-142015-06-14